1490 1095 1122 1077 1387 1938 1571 1513 1229 1544 1252 1652 1807 1140 1077 1574 1447 1619 1358 1918 1685 1842 1219 1072 1157 1494 1480 1463 1883 1556 1853 1527 1799 1871 1843 1903 1644 1783 1099 1311 1471 1667 1951 1238 1734 1794 1925 1887 1467 1880 1544 1837 1527 1051 1474 1884 1167 1897 1680 1953 1931 1000 1067 1578 1643 1844 1240 1375 1299 1394 1789 1718 1828 1074 1751 1922 1773 1536 1809 1373 1572 1638 1897 1580 1440 1969 1251 1184 1302 1588 1284 1734 1432 1896 1383 1691 1486 1768 1342 BCNSPRNW ULIB Ver.6.0+V

เปลี่ยนเป็นภาษาไทย

Change to English
 แสดงรายละเอียดบรรณานุกรม
  กลับหน้าหลัก

Brief Record : Get Marc (ISO 2709) : E-mail record : QR code < ปิดหน้าต่าง
LEADER : 00000nam 2200000uu 4500
001    13399124891
003     ULIB
008    160425s2558||||th 000 0 tha d
020    ^a9786162960802
060 04 ^aWO100^bต367
245 00 ^aตำราศัลยศาสตร์ :^bพื้นฐานศัลยศาสตร์และอาการของโรคศัลยกรรมสำหรับแพทย์เวชปฏิบัติทั่วไป =Essential surgical symptomatology and sciences for generalpractitioner /^cบรรณาธิการ, วุฒิชัย ธนาพงศธร. ...[และคนอื่นๆ]
246 31 ^aEssential surgical symptomatology and sciences for generalpractitioner
250    ^aพิมพ์ครั้งที่ 3
260    ^aกรุงเทพฯ :^bภาควิชาศัลยศาสตร์ คณะแพทยศาสตร์มหาวิทยาลัยศรีนครินทรวิโรฒ,^c2558
300    ^a440 หน้า :^bภาพประกอบ ;^c30 ซม.
505 0  ^a-- Principle and basic surgical sciences ... การประเมินสถาพคนไข้ก่อนผ่าตัด Preoperative surgical assessment ...ระบบกลไกของของเหลว เกลือแร่และสารอาหาร Fluid electrolyte and nutrition ... ระบบการแข็งตัวของเลือดและการให้สารเลือด Hemostasis and transfusion ... สรีระภาวะของสภาวะช็อก Shock : Physiologic perspective ... พยาธิสถาพของความดันในช่องกระโหลกศีรษะสูง Pathopysiology of increase intracranial pressure ... กายภาพและสรีรวิทยาด้านศัลยกรรม Practical surgical anatomy and physiology ... กระบวนการหายของแผลและการดูแลบาดแผล Wound healing and care ... การติดเชื้อด้านศัลยกรรม Surgical infection ... สภาวะแทรกซ้อนหลังการผ่าตัด Postoperative complications -- Common surgical symptomatology and common surgical diseases ... การอักเสบของผิวหนังและเนื้อเยื่อจากการติดเชื้อ Skin and soft tissue infection ... ก้อนที่ผิวหนังและก้อนใต้ผิวหนัง Skin and subcutaneous mass ... ก้อนที่คอ Neck mass ...ก้อนที่เต้านม Breast mass ... ก้อนที่ท้อง Abdominal mass ... ก้อนที่ถุงอัณฑะ Scrotal mass ... กลืนลำบาก Dysphagia ... ปวดเจ็บหน้าอก Chest pain ... ปวดท้อง Abdominal pain ...ปวดหลังส่วนล่าง Low back pain ... ปวดบริเวณปากทวารหนัก Anal pain ... ตัวเหลืองตาเหลือง Jaundice ... อาเจียนเป็นเลือด Hematemesis ... ถ่ายเป็นเลือด Bleeding per rectum ... ปัสสาวะเป็นเลือด Hematuria ... ขาบวม Leg edema ... เส้นเลือดขอดที่ขา Varicose vien ... แผลเรื้อรังที่ขา Chronic Leg ulcer ... บาดแผลไฟใหม้นํ้าร้อนลวก Burn ... ความผิดปกติของการขับถ่ายปัสสาวะ Voiding dysfunction ... อวัยวะเพศชายไม่แข็งตัว Erectile dysfunction ... ปวดหัวจากการบาดเจ็บที่ศีรษะและต้นคอ Headache attributed to heah and neck trauma -- Common surgical problems in ethics and laws ... ปัญหาด้านจริยธรรมที่พบบ่อยทางศัลยกรรม Common surgical ethic problems ... การเซ็นต์ใบยินยอมก่อนผ่าตัด Surgical informed consent ... การเจาะเลือด HIV ก่อนผ่าตัด Per-operative HIV screening test ... การบอกความจริงแก่ผู้ป่วย Tell the truth ... การสือสารที่ล้มเหลว Communication Failuer ... การบอกข่าวร้าย Tell the bad news ... สภาวะสมองตาย Brain death ... ผลการผ่าตัดที่ไม่เป็นไปตามคาดหวัง Unexpected surgical result ... เหตุการณ์ไม่พึงประสงค์ที่เกิดจากการผ่าตัด Surgical iatrogenic adverse events ... คำประกาศสิทธผู้ป่วย Thai Patient Right (TPR) ... ข้อบังคับแพทยสภาว่าด้วยการรักษาจริยธรรมแห่งวิชาเวชกรรม พ.ศ. 2549 (หมวด 1 - 9) Thai medical council declaration for medical ethics : 2006 (Item 1 - 9) ... เกณฑ์มาตรฐานผู้ประกอบวิชาชีพเวชกรรมของแพทยสภา พ.ศ. 2555 Professional standard for medical practitioners 2012 -- Surgical guality ... ระบบคุณภาพด้านศัลยกรรม Surgical guality system ... การบริหารจัดการความปลอดภัยและความเสี่ยงของคนไข้ Patient safety and risk management
650  4 ^aศัลยศาสตร์
700 0  ^aวุฒิชัย ธนาพงศธร,^eบรรณาธิการ
700 0  ^aธวัชชัย ตุลวรรธนะ,^eบรรณาธิการ
700 0  ^aวิฑูรย์ อึ้งกิจไพบูลย์,^eบรรณาธิการ
700 0  ^aณรง์ชัย ยิ่งงศักดิ์มงคล,^eบรรณาธิการ
710 2  ^aมหาวิทยาลัยศรีนครินทรวิโรฒ.^bคณะแพทยศาสตร์.^bภาควิชาศัลยศาสตร์
945    ^p900^l0^i23490
945    ^p900^l0^i23491
999    ^aทศพร เกษรทอง
รายการนี้ยังไม่มีแท็ก
คุณยังไม่ได้ล็อกอิน คุณสามารถมีกิจกรรมร่วมกับเว็บไซต์ได้ แต่ต้องล็อกอินก่อน ::
  ล็อกอิน

รายการสื่อสารสนเทศ

ลำดับที่ ประเภท เลขเรียก/บาร์โค้ด สถานที่ สถานะ
1. วิทยาศาสตร์การแพทย์ และสุขภาพ
วิทยาศาสตร์การแพทย์ และสุขภาพ
สถานะ=หนังสือเก่า
WO100 ต367 ฉ.1 
  Barcode: 23490
ห้องสมุดวิทยาเขตนครสวรรค์
►ส่วนจัดเก็บหนังสือเก่า นว.
บนชั้น
  ขอยืม
2. วิทยาศาสตร์การแพทย์ และสุขภาพ
วิทยาศาสตร์การแพทย์ และสุขภาพ
สถานะ=หนังสือเก่า
WO100 ต367 ฉ.2 
  Barcode: 23491
ห้องสมุดวิทยาเขตนครสวรรค์
►ส่วนจัดเก็บหนังสือเก่า นว.
บนชั้น
  ขอยืม

รายการใกล้เคียง
    หัวเรื่อง [ศัลยศาสตร์]

BibComment


ยังไม่เคยถูกคอมเมนท์

คอมเมนท์ทรัพยากรรายการนี้
  คอมเมนท์: ตำราศัลยศาสตร์ ..


 Copyright 2026. Bcnsprnw @Library